000 00503nam a2200181Ia 4500
005 20250508112958.0
008 240825s9999 xx 000 0 und d
020 _a9789392262074
_qhbk
041 _aeng
082 _a361.3 ATI
100 _a Atik-ur-Rahaman S.M
245 0 _aSocial Work Profession
_c/ Atik-ur-Rahaman S.M.
250 _a1st edition
260 _bBook Enclave, Jaipur, India, 2022.
300 _avi, 292 pages ; 24 cm.
650 _aSocial problems and services
942 _cREF
999 _c542272
_d542272